Linear models for unbalanced data (Record no. 23890)

MARC details
000 -LEADER
fixed length control field 00462nam a22001697a 4500
003 - CONTROL NUMBER IDENTIFIER
control field OSt
005 - DATE AND TIME OF LATEST TRANSACTION
control field 20211224094234.0
008 - FIXED-LENGTH DATA ELEMENTS--GENERAL INFORMATION
fixed length control field 211224b |||||||| |||| 00| 0 eng d
020 ## - INTERNATIONAL STANDARD BOOK NUMBER
International Standard Book Number 0471840963
040 ## - CATALOGING SOURCE
Transcribing agency HU
082 ## - DEWEY DECIMAL CLASSIFICATION NUMBER
Classification number 519.5352
100 ## - MAIN ENTRY--PERSONAL NAME
Personal name Searle, S. R. (Shayle R.),
9 (RLIN) 24837
245 ## - TITLE STATEMENT
Title Linear models for unbalanced data
260 ## - PUBLICATION, DISTRIBUTION, ETC.
Place of publication, distribution, etc. New York :
Name of publisher, distributor, etc. Wiley,
Date of publication, distribution, etc. 1987.
300 ## - PHYSICAL DESCRIPTION
Extent xxiv, 536 pages :
Other physical details illustrations
Dimensions 24 cm.
942 ## - ADDED ENTRY ELEMENTS (KOHA)
Source of classification or shelving scheme Dewey Decimal Classification
Koha item type Books like text book referance book
Suppress in OPAC No
Holdings
Withdrawn status Lost status Source of classification or shelving scheme Damaged status Not for loan Collection code Home library Current library Shelving location Date acquired Total Checkouts Full call number Barcode Date last seen Copy number Price effective from Koha item type
    Dewey Decimal Classification     Reference Wondo Genet Library Wondo Genet Library General Stacks 12/24/2021   519.5352 SEA 1987 WGCFNRL00009132 12/24/2021 1 12/24/2021 Books like text book referance book